Statistics for 10 Most populous cities and towns in Alaska

Click here to take the quiz!

General Stats

  • This quiz has been taken 42 times
  • The average score is 5 of 10

Answer Stats

PopAnswer% Correct
291826Anchorage
97%
31275Juneau
95%
31535Fairbanks
85%
8881Sitka
46%
6130Kodiak
41%
7831Wasilla
41%
8050Ketchikan
36%
5937Palmer
31%
6080Bethel
26%
7100Kenai
21%

Score Distribution

Percentile by Number Answered

Percent of People with Each Score

Your Score History

You have not taken this quiz